000 00603nam a2200205 i 4500
001 142938
003 ES-MaACL
005 20251012063054.0
007 t|
008 071011s1957 sp ||||1| spa d
080 _a849.9-311.2"19"
100 1 _aVidal i Tomàs, Bernat,
_d1918-1971
_9114492
245 1 3 _aLa vida en rosa /
_cBernat Vidal i Tomàs.
260 _aPalma de Mallorca :
_bMoll,
_c[1957]
300 _a167 p. ;
_c15 cm.
490 1 _aBiblioteca Raixa ;
_v19
830 0 _aBiblioteca Raixa ;
_v19
_9181878
852 _aES-MaACL
_jC-17118
_bR.45500
999 _c142938
_d142938